兵庫県の駅名一覧 - Statistics

General Stats
  • This quiz has been taken 136 times
    38 since last reset
  • The average score is 205 of 410
Answer Stats
Hint Answer % Correct
| A-85 姫路
94%
A-63 神戸
94%
A-49 | G-49 | HS-09 尼崎
88%
A-51 甲子園口
88%
A-52 | HS-17 西宮
88%
A-61 三ノ宮
88%
A-74 西明石
88%
| A-79 加古川
88%
G-61 | KB-29 三田
88%
G-69 篠山口
88%
| T26 豊岡
88%
新神戸
88%
HK-08 西宮北口
88%
HS-36 | KB-01 新開地
88%
HS-14 甲子園
88%
P01 | S03 三宮
88%
A-54 | HS-20 芦屋
81%
A-73 明石
81%
相生
81%
G-50 | HK-06 塚口
81%
G-52 | HK-20 伊丹
81%
G-56 | HK-56 宝塚
81%
和田山
81%
HK-50 | NS-01 川西能勢口
81%
HK-13 六甲
81%
HS-35 高速神戸
81%
P09 神戸空港
81%
相生
81%
A-53 さくら夙川
75%
網干
75%
和田岬
75%
G-60 道場
75%
G-62 新三田
75%
城崎温泉
75%
| KB-59 粟生
75%
HK-21 | HS-16 今津
75%
HK-09 夙川
75%
HK-16 | HS-32 神戸三宮
75%
HK-30 甲陽園
75%
HS-12 武庫川
75%
KB-16 有馬温泉
75%
K06 和田岬
75%
A-62 | HS-33 元町
69%
A-68 須磨
69%
播州赤穂
69%
G-53 北伊丹
69%
G-54 川西池田
69%
HK-23 門戸厄神
69%
HK-24 甲東園
69%
HK-28 宝塚南口
69%
HK-17 花隈
69%
NS-21 日生中央
69%
SY-40 飾磨
69%
KB-57 小野
69%
A-50 立花
63%
A-57 | HS-24 | R01 住吉
63%
A-58 六甲道
63%
A-65 | S09 新長田
63%
A-67 須磨海浜公園
63%
A-71 舞子
63%
A-78 東加古川
63%
A-81 曽根
63%
A-84 東姫路
63%
西相生
63%
G-51 猪名寺
63%
G-55 中山寺
63%
G-58 西宮名塩
63%
G-64 相野
63%
養父
63%
八鹿
63%
江原
63%
香住
63%
西脇市
63%
福崎
63%
佐用
63%
HK-51 雲雀丘花屋敷
63%
HK-25 仁川
63%
HK-10 芦屋川
63%
HK-11 岡本
63%
HK-12 | HS-25 御影
63%
HK-15 | HS-31 春日野道
63%
HS-23 | R02 魚崎
63%
SY-01 西代
63%
SY-13 舞子公園
63%
SY-43 山陽姫路
63%
KB-06 鈴蘭台
63%
KB-33 ウッディタウン中央
63%
KB-53 三木
63%
K01 三宮・花時計前
63%
K10 新長田
63%
A-59 摩耶
56%
A-64 兵庫
56%
A-70 垂水
56%
A-72 朝霧
56%
A-82 ひめじ別所
56%
英賀保
56%
はりま勝原
56%
竜野
56%
上郡
56%
坂越
56%
G-59 武田尾
56%
玄武洞
56%
HK-55 清荒神
56%
HK-26 小林
56%
HK-07 武庫之荘
56%
HK-14 王子公園
56%
HK-19 新伊丹
56%
HS-08 大物
56%
HS-11 尼崎センタープール前
56%
S10 | SY-02 板宿
56%
SY-06 山陽須磨
56%
SY-07 須磨浦公園
56%
SY-11 山陽垂水
56%
SY-17 山陽明石
56%
SY-31 高砂
56%
SY-42 手柄
56%
SY-56 山陽網干
56%
KB-02 湊川
56%
KB-03 | S08 長田
56%
KB-15 有馬口
56%
KB-25 道場南口
56%
P04 中公園
56%
PL07 南公園
56%
S17 西神中央
56%
56%
A-60
50%
A-75 大久保
50%
A-76 魚住
50%
A-80 宝殿
50%
手柄山平和公園
50%
有年
50%
G-57 生瀬
50%
G-63 広野
50%
谷川
50%
日本へそ公園
50%
50%
京口
50%
寺前
50%
生野
50%
HK-22 阪神国道
50%
HS-13 鳴尾・武庫川女子大前
50%
HS-51 武庫川団地前
50%
HS-38 高速長田
50%
SY-25 東二見
50%
SY-38 白浜の宮
50%
SY-41 亀山
50%
KB-05 鵯越
50%
KB-10 | S01 谷上
50%
KB-32 南ウッディタウン
50%
KB-42 西鈴蘭台
50%
P02 貿易センター
50%
S04 県庁前
50%
S06 湊川公園
50%
S12 名谷
50%
S13 総合運動公園
50%
北条町
50%
A-56 摂津本山
44%
A-66 鷹取
44%
A-69 塩屋
44%
A-77 土山
44%
A-83 御着
44%
備前福河
44%
国府
44%
44%
餘部
44%
浜坂
44%
厄神
44%
竹田
44%
余部
44%
本竜野
44%
播磨新宮
44%
三日月
44%
上月
44%
HK-52 山本
44%
HK-27 逆瀬川
44%
HK-05 園田
44%
NS-07 平野
44%
NS-10 山下
44%
HS-10 出屋敷
44%
HS-34 西元町
44%
SY-03 東須磨
44%
SY-09 滝の茶屋
44%
SY-14 西舞子
44%
SY-24 山陽魚住
44%
SY-26 西二見
44%
SY-27 播磨町
44%
SY-28 別府
44%
SY-32 荒井
44%
SY-34 山陽曽根
44%
SY-35 大塩
44%
SY-39 妻鹿
44%
SY-51 西飾磨
44%
SY-54 山陽天満
44%
KB-27 横山
44%
KB-31 フラワータウン
44%
KB-41 鈴蘭台西口
44%
KB-56 市場
44%
R05 アイランドセンター
44%
PL08 中埠頭
44%
PL09 北埠頭
44%
S14 学園都市
44%
A-55 甲南山手
38%
天和
38%
竹野
38%
新西脇
38%
砥堀
38%
仁豊野
38%
播磨高岡
38%
太市
38%
東觜崎
38%
HK-53 中山観音
38%
HK-54 売布神社
38%
HK-29 苦楽園口
38%
NS-09 畦野
38%
HS-19 打出
38%
HS-22 青木
38%
HS-26 石屋川
38%
HS-27 新在家
38%
HS-28 大石
38%
HS-29 西灘
38%
HS-30 岩屋
38%
HS-37 大開
38%
SY-04 月見山
38%
SY-05 須磨寺
38%
SY-08 山陽塩屋
38%
SY-10 東垂水
38%
SY-12 霞ヶ丘
38%
SY-15 大蔵谷
38%
SY-16 人丸前
38%
SY-18 西新町
38%
SY-19 林崎松江海岸
38%
SY-20 藤江
38%
SY-22 江井ヶ島
38%
SY-23 西江井ヶ島
38%
SY-29 浜の宮
38%
SY-53 広畑
38%
KB-04 丸山
38%
KB-07 北鈴蘭台
38%
KB-14 唐櫃台
38%
KB-22 岡場
38%
KB-24 二郎
38%
KB-28 三田本町
38%
KB-43 藍那
38%
KB-50 志染
38%
KB-52 三木上の丸
38%
P03 ポートターミナル
38%
P08 計算科学センター
38%
S05 大倉山
38%
S11 妙法寺
38%
S15 伊川谷
38%
S16 西神南
38%
K02 旧居留地・大丸前
38%
K05 中央市場
38%
G-65 藍本
31%
G-67 古市
31%
G-68 南矢代
31%
柏原
31%
丹波竹田
31%
梁瀬
31%
久下村
31%
滝野
31%
社町
31%
小野町
31%
野里
31%
西栗栖
31%
播磨徳久
31%
HK-18 稲野
31%
NS-02 絹延橋
31%
NS-08 一の鳥居
31%
HS-07 杭瀬
31%
HS-15 久寿川
31%
HS-21 深江
31%
HS-53 東鳴尾
31%
SY-21 中八木
31%
SY-30 尾上の松
31%
SY-33 伊保
31%
SY-36 的形
31%
SY-37 八家
31%
SY-52 夢前川
31%
KB-09 箕谷
31%
KB-11 花山
31%
KB-13 神鉄六甲
31%
KB-23 田尾寺
31%
KB-26 神鉄道場
31%
KB-44 木津
31%
KB-45 木幡
31%
KB-46
31%
KB-48 緑が丘
31%
KB-49 広野ゴルフ場前
31%
KB-51 恵比須
31%
R04 アイランド北口
31%
P06 市民広場
31%
P07 医療センター
31%
日岡
31%
K03 みなと元町
31%
K04 ハーバーランド
31%
K07 御崎公園
31%
G-66 草野
25%
丹波大山
25%
黒井
25%
市島
25%
黒田庄
25%
青野ケ原
25%
神野
25%
香呂
25%
溝口
25%
甘地
25%
新井
25%
NS-03 滝山
25%
NS-04 鶯の森
25%
HS-18 香櫨園
25%
HS-52 洲先
25%
KB-08 山の街
25%
KB-12 大池
25%
KB-47 押部谷
25%
KB-54 大村
25%
KB-55 樫山
25%
KB-58 葉多
25%
R03 南魚崎
25%
P05 みなとじま
25%
S07 上沢
25%
T25 コウノトリの郷
25%
K09 駒ヶ林
25%
K08 苅藻
25%
下滝
19%
石生
19%
久谷
19%
諸寄
19%
居組
19%
船町口
19%
本黒田
19%
比延
19%
河合西
19%
鶴居
19%
新野
19%
長谷
19%
青倉
19%
千本
19%
NS-06 多田
19%
NS-11 笹部
19%
SY-55 平松
19%
KB-21 五社
19%
R06 マリンパーク
19%
法華口
19%
播磨横田
19%
佐津
13%
柴山
13%
苔縄
13%
河野原円心
13%
平福
13%
網引
13%
NS-05 鼓滝
6%
久崎
6%
石井
6%
田原
6%
播磨下里
6%
No matching quizzes found
Score Distribution
Percent of People with Each Score
Percentile by Number Answered
Your Score History
You have not taken this quiz since the last reset